LEADER 01085nam0-2200301---450- 001 990006964700403321 005 20060621113034.0 035 $a000696470 035 $aFED01000696470 035 $a(Aleph)000696470FED01 035 $a000696470 100 $a20011002d1905----km-y0itay50------ba 101 0 $ager 102 $aDE 105 $ay---n---001yy 200 1 $a<>verletzung des Gläubigerrechts als unerlaubte Handlung nach dem Bürgerlichen Gesetzbuch für das Deutsche Reich$fvon Otto Christian Fischer 210 $aJena$cGustav Fischer$d1905 215 $aVI, 172 p.$d24 cm 225 1 $aAbhandlungen zum Privatrecht und Zivilprozess des Deutschen Reiches$fhrsg. von Otto Fischer$v12.3 676 $a346$v20$zita 700 1$aFischer,$bOtto Christian$0256406 801 0$aIT$bUNINA$gRICA$2UNIMARC 901 $aBK 912 $a990006964700403321 952 $aVIII B 36 (12.3)$b3019$fFGBC 959 $aFGBC 996 $aVerletzung des Gläubigerrechts als unerlaubte Handlung nach dem Bürgerlichen Gesetzbuch für das Deutsche Reich$9699923 997 $aUNINA